000 00631nam a2200217 a 4500
999 _c651
_d651
001 651
003 BD-JhCC
005 20171008125814.0
008 171008b1985 iy ||||| |||| 00| 0 eng d
035 _a(BD-JhCC)651
040 _aBD-JhCC
_dBD-JhCC
041 _aeng
082 _a391.430944
_bAL-K 1985
100 _aAL-Kanadi, Abu Bilal Mustafa
245 _aThe Islamic Ruling Regarding Women's Dress According to The Qur-aan and Sunnah /
_cAbu Bilal Mustafa AL-Kanadi
260 _aArabia
_bAbul-Qasim Bookstore
_c1985
300 _a30 p. :
_c21 cm
650 _aMuslim Women
_xClothing
942 _2ddc
_cBK